Cuentos de Navidad /

محفوظ في:
التفاصيل البيبلوغرافية
مؤلفون آخرون: Abad Faciolince, Héctor (autor) (autor)
التنسيق: كتاب
اللغة:الإسبانية
منشور في: Bogotá, Colombia : Alcaldía Mayor de Bogotá, Instituto Distrital de Cultura y Turismo, 2004, c2004
سلاسل:(Libro al Viento ; 10)
الموضوعات:
الوسوم: إضافة وسم
لا توجد وسوم, كن أول من يضع وسما على هذه التسجيلة!

MARC

LEADER 00000nam^a2200000^a^4500
001 000410782
005 20250521000000.0
009 20260310122055.992
020 |a 958-8232-27-9 
037 |a Acervo ITESO - Biblioteca 
041 |a ESP 
082 |a 808. 8  |b LIB V. 10 
245 1 0 |a Cuentos de Navidad /  |c H. Abad Faciolince... [et al.]. 
264 4 |a Bogotá, Colombia :  |b Alcaldía Mayor de Bogotá, Instituto Distrital de Cultura y Turismo,  |c 2004, c2004 
300 |a 73 p. 
336 |a texto  |b txt  |2 rdacontenido 
337 |a sin mediación  |b n  |2 rdamedio 
338 |a volumen  |b nc  |2 rdasoporte 
440 1 |a (Libro al Viento ;  |v 10) 
649 |a XX 
650 |a Cuentos Colombianos 
650 |a Literatura Colombiana -  |y Siglo XX 
650 |a Literatura Colombiana -  |y Siglo XXI 
650 |a Navidad en la Literatura 
700 |a Abad Faciolince, Héctor  |e (autor) 
910 |a Fondo General 
920 |a Impresos - Libros 
930 |a Colección General 
940 |a Literatura 
905 |a 101 
901 |a 0500319417  |b IT1  |c LIT  |i D106407  |u 20250521 
902 |a https://opac.biblio.iteso.mx/vufind/Record/000410782